000 01517cam a2200433 4500
001 21488
003 VRT
005 20260302142524.0
008 210209s2019 xo gr 000 j slo
015 _aSNBA2020/08
020 _a9788056904947
_q(viazané)
035 _aurn:nbn:sk:snk-am00ee12
035 _aurn:nbn:sk:snk-am3ihbi
035 _a0CF378B3-6957-429E-9338-DD1B457EEEA1
039 9 _a202102090838
_bVLOAD
_c202102081102
_dVLOAD
_c202008071008
_dmsnk159
_c202003201450
_dmsnk04
040 _aPPPK
_bslo
_cPPPK ‬
_dSNK
_erda
041 0 _aslo
044 _axo
_cSK
072 7 _a821.162.4-3
_xSlovenská próza
_2konspekt
080 _a821.162.4-32
_22011
100 1 _aHlavatá, Dana,
_d1957-
_4aut
245 1 0 _aPodivná sestra
_cDana Hlavatá
250 _a1. vydanie
264 1 _aBratislava
_bMarenčin PT
_c2019
300 _a158 strán
_c21 cm
336 _atext
_btxt
_2rdacontent
337 _abez média
_bn
_2rdamedia
338 _azväzok
_bnc
_2rdacarrier
500 _aObsahuje biografické údaje o autorke na záložke prebalu publikácie
655 7 _aslovenské príbehy
_2SNKPH
655 7 _aSlovak stories
_2SNKPHeng
910 _asnk
942 _2ddc
_cKLDO
_n0
949 _6273K0658760
_asvkpoA 246167
_bsvkpo649045
949 _617A1417994
_asnkSC 188387
_bsnk2020/6892
_o460/2020
_s6100:20200811
949 _617A1417995
_asnkSC 188387 D1
_bsnk2020/6893
_o460/2020
949 _62889356684
_asavukPV 29930
_bsavuk2020/959
949 _6270001000641642
_asvkbbA 160189
_bsvkbbm 789192
999 _c21488
_d21488